00000000cam 2200000zi 4500
0019.959103
003CaOODSP
00520260306115422
006m     o  d f      
007cr cn|||||||||
008260119e20260217quc     ob   f000 0 eng d
020 |a9780660980348
040 |aCaOODSP|beng|erda|cCaOODSP
043 |an-cn---
0861 |aAS4-46/2026E-PDF
24500|aAccessible-ready modular and prefabricated housing : |btechnical guide.
264 1|aGatineau, QC : |bAccessibility Standards Canada, |cFebruary 17, 2026.
264 4|c©2026
300 |a1 online resource (36 pages)
336 |atext|btxt|2rdacontent
337 |acomputer|bc|2rdamedia
338 |aonline resource|bcr|2rdacarrier
500 |aCover title.
500 |aIssued also in French under title: Logements modulaires et préfabriqués prêts à l'accessibilité : guide technique.
504 |aIncludes bibliographical references.
520 |a"This technical guide focuses on areas where people with disabilities face barriers in the built environment, specifically modular and prefabricated housing. Equity refers to fairness, justice, and freedom from discrimination. Equity recognizes that each person has different circumstances and focuses on enabling all individuals to achieve the same outcomes"--About this technical guide, page 7.
650 0|aBarrier-free design|xStandards|zCanada.
650 0|aHousing|xBarrier-free design|xGovernment policy|zCanada.
650 0|aModular construction|xBarrier-free design|zCanada.
650 0|aPrefabricated houses|xBarrier-free design|zCanada.
7101 |aCanada. |bAccessibility Standards Canada, |eissuing body.
77508|tLogements modulaires et préfabriqués prêts à l'accessibilité : |w(CaOODSP)9.959105
85640|qPDF|s584 KB|uhttps://publications.gc.ca/collections/collection_2026/nac-asc/AS4-46-2026-eng.pdf
8564 |qHTML|sN/A|uhttps://accessible.canada.ca/creating-accessibility-standards/accessible-ready-modular-and-prefabricated-housing